000
00324nam a2200133Ia 4500
008
230818s2003 xx 000 0 und d
041
_a
eng
100
_a
Anderws
245
_a
Hotel House Keeping Service Mannual
260
_b
Tata Mc. Garth
_c
2003
300
_a
136p
520
_a
General
999
_c
851779
_d
851779
650
_a
Hotel Housekeeping